000 00980 a2200253 4500
005 20081013150556.0
008 081013t xxu||||| |||| 00| 0 eng d
010 _aENG-91875
020 _c375.00
035 _aEN-75408
037 _bDBAD / PUB
040 _adpl
_bEnglish
082 _a572.80285
100 _aChikhale, N.J.
245 _aBioinformatics:
_cby N.J. Chikhale [and] V.S. Gomase
_btheory and practice /
260 _aNew Delhi
_bHimalaya Publishing House
_c2007
270 _aPooja Apartments, 4-=B, Murari Lal Street, Ansari Raod, Daryaganj,
_bNew Delhi
_e110002
300 _axv, 592p.:
_c26 cm ( pbk.)
_bill.
500 _aIncludes glossary and index
650 _aBioinformatics.
700 _aGomase, V.S.
942 _adpl
_cEN
_2ddc
_mCHI
_h572.80285
999 _c19217
_d19217